<?xml version="1.0" encoding="UTF-8"?>
<collection xmlns="http://www.loc.gov/MARC21/slim">
  <record>
    <leader>00000nam  2200000   4500</leader>
    <controlfield tag="001">INLIS000000000000626</controlfield>
    <controlfield tag="005">20180724135612</controlfield>
    <controlfield tag="008">180724|||||||||   |   |||   |||| ||   | </controlfield>
    <datafield tag="035" ind1=" " ind2=" ">
      <subfield code="0">010-0718000626</subfield>
    </datafield>
    <datafield tag="041" ind1=" " ind2=" ">
      <subfield code="a">id</subfield>
    </datafield>
    <datafield tag="082" ind1=" " ind2=" ">
      <subfield code="a">008</subfield>
    </datafield>
    <datafield tag="090" ind1=" " ind2=" ">
      <subfield code="a">R 008 PIM I 2014</subfield>
    </datafield>
    <datafield tag="100" ind1=" " ind2=" ">
      <subfield code="a">Gender</subfield>
    </datafield>
    <datafield tag="700" ind1=" " ind2=" ">
      <subfield code="a">Sitepu Nur,Pribudiarta</subfield>
    </datafield>
    <datafield tag="245" ind1=" " ind2=" ">
      <subfield code="a">Optimalisasi Pelaksanaan Strategi Pengarusutamaan Gender dan Anak Melalui Pengambilan Keputusan Berbasis Pengetahuan</subfield>
    </datafield>
    <datafield tag="260" ind1=" " ind2=" ">
      <subfield code="a">Jakarta</subfield>
      <subfield code="b">LAN Jakrta</subfield>
      <subfield code="c">2014</subfield>
    </datafield>
    <datafield tag="300" ind1=" " ind2=" ">
      <subfield code="a">33 hlm.</subfield>
    </datafield>
    <datafield tag="500" ind1=" " ind2=" ">
      <subfield code="a">KPPPA sebagai Kementerian yang berorientasi masa depan sebagai suatu lembaga manajemen dengan teknologi modern yang canggih, memerlukan penguasaan metodologi dan permodelan system dalam sebuah system informasi untuk pengambilan keputusan. Dalam upaya melakukan reformasi birokrasi pada ranah manajemen kepemimpinan di KPP dan PA, dibutuhkan suatu Sistem Penunjang Keputusan (SPK) atau Decision Support System (DSS). Apabila manajemen KPPPA mendapatkan tantangan yang kompleks maka DSS perlu ditingkatkan. Dengan demikian DSS berkemampuan menghasilkan informasi yang dibutuhkan para manajer dalam menjawab kebutuhan operasional masa kini.</subfield>
    </datafield>
    <datafield tag="650" ind1=" " ind2=" ">
      <subfield code="a">Gender</subfield>
    </datafield>
  </record>
</collection>
